|
|
|
|
| LEADER |
00000nam a2200000 a 4500 |
| 001 |
UCT1244 |
| 003 |
CL-VaPUC |
| 005 |
20250226160925.0 |
| 008 |
960927e19920000ck 1 spa d |
| 082 |
0 |
4 |
|a 344.022
|b ACO
|2 21
|
| 110 |
2 |
|
|a Acoldese
|e author
|9 617982
|
| 245 |
1 |
0 |
|a Encuentro Nacional, XVII
|
| 260 |
|
|
|a Bogotá
|b Guadalupe
|c 1992
|
| 300 |
|
|
|a 225 p
|
| 583 |
|
|
|a last modification
|c 19960927 00:00:00
|k Rodrigo Vera
|
| 650 |
0 |
0 |
|a Seguridad social
|9 255322
|
| 650 |
0 |
7 |
|a SEGUROS DE SALUD
|2 CL-VaPUC
|9 617983
|
| 650 |
0 |
0 |
|a Seguro de vida
|9 762928
|
| 650 |
0 |
7 |
|a SEGURO DE ACCIDENTES
|2 CL-VaPUC
|9 358749
|
| 650 |
0 |
7 |
|a AYUDA ESTATAL
|2 CL-VaPUC
|9 367762
|
| 942 |
|
|
|c BK
|
| 945 |
|
|
|a nastorga
|d 19960927 00:00:00
|
| 546 |
|
|
|a En Español
|
| 518 |
|
|
|p Encuentro Nacional, XVII, Paipa, octubre, 1992
|
| 999 |
|
|
|c 382734
|d 382732
|
| 952 |
|
|
|0 0
|1 0
|4 0
|6 344_022000000000000_ACO_1992
|7 0
|8 A
|9 504599
|a BIBDER
|b BIBDER
|d 2020-01-23
|i 3232700
|o 344.022 ACO 1992
|p 3232700
|r 2023-01-25
|w 2020-01-23
|y BK
|k DER
|